[Event "17th ECI tournament, Euwe memorial"]
[Site "Sas van Gent"]
[Date "1990.08.??"]
[Round "1"]
[White "Goormachtigh, Johan"]
[Black "Kraidman, Yair"]
[Result "1-0"]
[WhiteElo "2270"]
[BlackElo "2425"]
[EventDate "1990.08.09"]
[WhiteTitle "FM"]
[BlackTitle "GM"]
[Source "17e internationaal ECI-schaaktoernooi, Sas van Gent 1990"]

1.d4 Nf6 2.c4 c5 3.d5 g6 4.Nc3 d6 5.e4 Bg7 6.Bd3 O-O 7.h3 e6 8.Nf3 exd5 9.
cxd5 Re8 10.O-O a6 11.a4 Nbd7 12.Bf4 c4 13.Bc2 Nc5 14.Re1 Qb6 15.a5 Qxb2 
16.Ra2 Qxc3 17.Bd2 Ncxe4 18.Bxc3 Nxc3 19.Rxe8+ Nxe8 20.Qe1 Bd7 21.Ra3 Nxd5
22.Qe4 Be6 23.Ng5 Ndf6 24.Qxb7 Bd5 25.Qb6 h6 26.Nf3 Nd7 27.Qe3 Nef6 28.Qd4
Nc5 29.Re3 Rc8 30.Re7 Ne6 31.Qa7 Ra8 32.Qb6 Nf4 33.Qxd6 Nxh3+ 34.gxh3 Bxf3
35.Bxg6 Bd5 36.Qc7 Rf8 37.Bc2 Be6 38.Rxe6 fxe6 39.Qxc4 Nd5 40.Qxa6 Nf4 41.
Qc4 Bd4 42.Kf1 Ba7 43.Qa6 Rf7 44.Bb3 Kg7 45.Bxe6 Nxe6 46.Qxe6 Rxf2+ 47.Ke1
Rf6 48.Qe7+ Rf7 49.Qe4 Kf8 50.Qg6 Re7+ 51.Kd2 Rd7+ 52.Ke2 Re7+ 53.Kd3 Rd7+
54.Ke4 Re7+ 55.Kd5 Be3 56.Qf6+ Ke8 57.a6 Ba7 58.Qxh6 Kf7 59.h4 Kg8 60.h5 
Rd7+ 61.Ke6 Rg7 62.Qf4 Kh7 63.Kf6 Bg1 64.Qe4+ Kh8 65.h6 Rg8 66.Kf7 1-0

[Event "17th ECI tournament, Euwe memorial"]
[Site "Sas van Gent"]
[Date "1990.08.??"]
[Round "1"]
[White "Tonoli, Walter"]
[Black "Peelen, Piet"]
[Result "0-1"]
[WhiteElo "2285"]
[BlackElo "2380"]
[EventDate "1990.08.09"]
[WhiteTitle "FM"]
[BlackTitle "FM"]
[Source "17e internationaal ECI-schaaktoernooi, Sas van Gent 1990"]

1.c4 Nf6 2.g3 g6 3.Bg2 Bg7 4.Nc3 c5 5.e4 Nc6 6.Nge2 d6 7.d3 O-O 8.O-O Rb8 
9.Rb1 a6 10.a4 Bd7 11.h3 Ne8 12.Be3 Nc7 13.Nd5 b5 14.axb5 axb5 15.Nxc7 
Qxc7 16.cxb5 Rxb5 17.d4 cxd4 18.Nxd4 Nxd4 19.Bxd4 Rb4 20.Bxg7 Kxg7 21.Qd2 
Qb6 22.Rfe1 Rc8 23.Re3 f6 24.Kh2 Rbc4 25.Qd1 Rd4 26.Qe1 Be6 27.Rc3 Rdc4 
28.Bf1 Rb4 29.Rbc1 Re8 30.Bc4 Bxc4 31.Rxc4 Rxb2 32.R1c2 Rxc2 33.Rxc2 Ra8 
34.Kg2 Ra3 35.Qe2 Rb3 36.Qd2 Qb7 37.Qe2 f5 38.f3 fxe4 39.fxe4 Rb4 40.Rc4 
Rb2 41.Rc2 Rb4 42.Kf3 Qb6 43.Rc4 Rb3+ 44.Kg2 Qb5 45.Rc2 Qe5 0-1

[Event "17th ECI tournament, Euwe memorial"]
[Site "Sas van Gent"]
[Date "1990.08.??"]
[Round "2"]
[White "Deleyn, Gunter"]
[Black "Tonoli, Walter"]
[Result "1/2-1/2"]
[WhiteElo "2315"]
[BlackElo "2285"]
[EventDate "1990.08.09"]
[WhiteTitle "FM"]
[BlackTitle "FM"]
[Source "17e internationaal ECI-schaaktoernooi, Sas van Gent 1990"]

1.c4 g6 2.g3 Bg7 3.Bg2 c5 4.Nc3 Nc6 5.e4 Nf6 6.Nge2 O-O 7.O-O Ne8 8.Rb1 
Nc7 9.a3 a5 10.Nd5 Ne6 11.b4 axb4 12.axb4 b6 13.Bb2 Ned4 14.Nxd4 Nxd4 15.
Ra1 Bb7 16.Rxa8 Bxa8 17.Ba3 d6 18.Re1 Bc6 19.b5 Bb7 20.Bc1 e6 21.Nf4 Qa8 
22.d3 Qa2 23.Ne2 Nc2 24.Rf1 Ra8 25.Bf4 Rd8 26.Qb1 Qa4 27.Rc1 Nb4 28.Bd2 
Qa3 29.Nc3 Ra8 30.Bf1 Bd4 31.Nd1 d5 32.exd5 Na2 33.Rc2 exd5 34.Ne3 Nb4 35.
Rc1 Bg7 36.Rd1 Bd4 37.Bxb4 Qxb4 38.Nc2 Qc3 39.Nxd4 Qxd4 40.Bg2 Rd8 41.Qa1 
dxc4 42.Bxb7 cxd3 43.Qxd4 Rxd4 44.Bg2 c4 45.Bf1 Rd5 46.Kg2 Kg7 47.Kf3 Rxb5
48.Ke4 Rb2 49.Kd4 b5 50.Bg2 Rxf2 51.Bc6 Rxh2 52.Bxb5 Rg2 53.Bxc4 Rxg3 54.
Bxd3 h5 55.Bb5 Kh6 56.Rf1 f5 57.Bc6 Kg5 58.Bf3 Kf6 59.Ke3 g5 60.Kf2 h4 61.
Rg1 Rxg1 62.Kxg1 g4 63.Bb7 Kg5 64.Kf2 Kf4 65.Bc6 h3 66.Bb7 g3+ 67.Kg1 Ke3 
68.Bc8 Kf3 69.Bb7+ Kg4 70.Bc8 Kf4 71.Bb7 Ke3 72.Bc8 h2+ 73.Kh1 f4 74.Bb7 
Kf2 75.Bf3 1/2-1/2

[Event "17th ECI tournament, Euwe memorial"]
[Site "Sas van Gent"]
[Date "1990.08.??"]
[Round "2"]
[White "Cardon, Helmut"]
[Black "Goormachtigh, Johan"]
[Result "1/2-1/2"]
[WhiteElo "2385"]
[BlackElo "2270"]
[EventDate "1990.08.09"]
[WhiteTitle "IM"]
[BlackTitle "FM"]
[Source "17e internationaal ECI-schaaktoernooi, Sas van Gent 1990"]

1.g3 g6 2.Bg2 Bg7 3.e4 c5 4.f4 e6 5.Nf3 Nc6 6.O-O Nge7 7.d3 b6 8.Nc3 d5 9.
Re1 d4 10.Nb5 a6 11.Na3 Bb7 12.e5 h6 13.Nc4 Nc8 14.Ncd2 N6e7 15.Ne4 Ra7 
16.Bd2 a5 17.Qe2 h5 18.Nfg5 Nf5 19.a3 Bd5 20.b4 cxb4 21.axb4 a4 22.b5 Kf8 
23.c4 dxc3 24.Bxc3 Nce7 25.Qb2 Bh6 26.Nf3 Kg7 27.Bb4 Ba8 28.Nd6 Nd5 29.
Nxf5+ gxf5 30.Bd6 Kh7 31.Qc2 Rg8 32.Kf1 Rg4 33.Rxa4 Rxa4 34.Qxa4 Bb7 35.
Qd4 h4 1/2-1/2

[Event "17th ECI tournament, Euwe memorial"]
[Site "Sas van Gent"]
[Date "1990.08.??"]
[Round "3"]
[White "Goormachtigh, Johan"]
[Black "Pirisi, Gábor"]
[Result "1/2-1/2"]
[WhiteElo "2270"]
[BlackElo "2385"]
[EventDate "1990.08.09"]
[WhiteTitle "FM"]
[BlackTitle "IM"]
[Source "17e internationaal ECI-schaaktoernooi, Sas van Gent 1990"]

1.d4 Nf6 2.c4 g6 3.Nc3 Bg7 4.e4 O-O 5.Be2 d6 6.Nf3 e5 7.O-O Nc6 8.d5 Ne7 
9.Nd2 c6 10.b4 a5 11.bxa5 Qxa5 12.Qc2 c5 13.a4 Nd7 14.Nb5 Ra6 15.Nb3 Qd8 
16.Bg5 f6 17.Bd2 f5 18.exf5 gxf5 19.Bg5 Nf6 20.f4 h6 21.fxe5 hxg5 22.exf6 
Rxf6 23.Bd3 f4 24.Bh7+ Kh8 25.Rae1 g4 26.g3 Nf5 27.Bxf5 Bxf5 28.Qd1 fxg3 
29.hxg3 Rxa4 30.Rxf5 Rxf5 31.Qxg4 Qf8 32.Nxd6 Qxd6 33.Qxf5 Qxg3+ 34.Kf1 
Ra8 35.Qh5+ Kg8 36.Re8+ Rxe8 37.Qxe8+ Kh7 38.Qh5+ Kg8 39.Qe8+ Kh7 40.Qh5+ 
1/2-1/2

[Event "17th ECI tournament, Euwe memorial"]
[Site "Sas van Gent"]
[Date "1990.08.??"]
[Round "3"]
[White "Tonoli, Walter"]
[Black "Kraidman, Yair"]
[Result "0-1"]
[WhiteElo "2285"]
[BlackElo "2425"]
[EventDate "1990.08.09"]
[WhiteTitle "FM"]
[BlackTitle "GM"]
[Source "17e internationaal ECI-schaaktoernooi, Sas van Gent 1990"]

1.c4 Nf6 2.g3 g6 3.Bg2 Bg7 4.Nc3 O-O 5.e4 e5 6.Nge2 Nc6 7.d3 d6 8.O-O Be6 
9.f4 Qd7 10.Nd5 Bg4 11.Ne3 Bh5 12.Qe1 Bxe2 13.Qxe2 Nd4 14.Qd1 b5 15.cxb5 
Qxb5 16.Nc4 exf4 17.gxf4 d5 18.Na3 Qb6 19.Rb1 Nc2+ 0-1

[Event "17th ECI tournament, Euwe memorial"]
[Site "Sas van Gent"]
[Date "1990.08.??"]
[Round "3"]
[White "Grooten, Herman"]
[Black "Deleyn, Gunter"]
[Result "1-0"]
[WhiteElo "2390"]
[BlackElo "2315"]
[EventDate "1990.08.09"]
[WhiteTitle "FM"]
[BlackTitle "FM"]
[Source "17e internationaal ECI-schaaktoernooi, Sas van Gent 1990"]

1.d4 Nf6 2.Nf3 e6 3.c4 Bb4+ 4.Nbd2 d5 5.e3 O-O 6.a3 Be7 7.b4 Re8 8.Bb2 
Nbd7 9.Bd3 a5 10.c5 axb4 11.axb4 Rxa1 12.Bxa1 c6 13.Qc2 g6 14.h4 Bf8 15.
Ne5 Nxe5 16.dxe5 Nd7 17.h5 Qg5 18.hxg6 hxg6 19.Kf1 Bg7 20.f4 Qe7 21.Bd4 b6
22.cxb6 Qxb4 23.Ke2 c5 24.Rb1 Qa3 25.b7 c4 26.Bxg6 fxg6 27.Qxg6 Qe7 28.Nf3
Rd8 29.Qh5 Nb8 30.bxc8=Q Rxc8 31.Ng5 Nd7 32.Qh7+ Kf8 33.Qg6 1-0

[Event "17th ECI tournament, Euwe memorial"]
[Site "Sas van Gent"]
[Date "1990.08.??"]
[Round "4"]
[White "Deleyn, Gunter"]
[Black "van der Werf, Mark"]
[Result "1/2-1/2"]
[WhiteElo "2315"]
[BlackElo "2365"]
[EventDate "1990.08.09"]
[WhiteTitle "FM"]
[BlackTitle "FM"]
[Source "17e internationaal ECI-schaaktoernooi, Sas van Gent 1990"]

1.c4 b6 2.b3 Bb7 3.Bb2 Nf6 4.Nf3 g6 5.Bxf6 exf6 6.Nc3 Bg7 7.e3 O-O 8.g3 f5
9.Bg2 Na6 10.O-O Nc5 11.Rc1 a6 12.d3 a5 13.a3 Qe7 14.Qc2 h5 15.Nd5 Qd6 16.
Rfd1 Ne6 17.a4 Rab8 18.d4 Bxd5 19.cxd5 Qxd5 20.Ng5 Qd6 21.Nxe6 dxe6 22.
Qxc7 Qb4 23.Qc4 Qxc4 24.Rxc4 Rfc8 25.Rdc1 Rxc4 26.Rxc4 Bf8 27.Rc7 Rd8 28.
Bf1 Bb4 29.Bc4 Kf8 30.Rb7 Rd6 31.Kf1 Kg7 32.f3 Kf8 33.Ke2 g5 34.Kd3 
1/2-1/2

[Event "17th ECI tournament, Euwe memorial"]
[Site "Sas van Gent"]
[Date "1990.08.??"]
[Round "4"]
[White "Cardon, Helmut"]
[Black "Tonoli, Walter"]
[Result "1-0"]
[WhiteElo "2385"]
[BlackElo "2285"]
[EventDate "1990.08.09"]
[WhiteTitle "IM"]
[BlackTitle "FM"]
[Source "17e internationaal ECI-schaaktoernooi, Sas van Gent 1990"]

1.d4 g6 2.c4 Bg7 3.e4 d6 4.Nc3 e5 5.dxe5 dxe5 6.Qxd8+ Kxd8 7.f4 c6 8.Nf3 
Nd7 9.Be3 Ke8 10.O-O-O exf4 11.Bxf4 Bh6 12.g3 Nc5 13.Nd4 Bg4 14.Be2 Bxe2 
15.Ndxe2 Ne6 16.e5 Nxf4 17.Nxf4 f5 18.exf6 Bxf4+ 19.gxf4 Nxf6 20.Rhe1+ Kf7
21.Ne4 Nxe4 22.Rd7+ Ke6 23.Rxb7 Kf5 24.Rf7+ Nf6 25.Re5+ Kxf4 26.Re6 c5 27.
Rexf6+ Kg4 28.Rc6 Kh3 29.Rxc5 Kxh2 30.Rg7 h5 31.Rxg6 h4 32.Rd5 h3 33.Kc2 
Rag8 34.Rd2+ Kh1 35.Rd1+ Kh2 36.Rd2+ Kh1 37.Rd1+ Kh2 38.Rdd6 Rc8 39.Kc3 a5
40.b3 a4 41.b4 1-0

[Event "17th ECI tournament, Euwe memorial"]
[Site "Sas van Gent"]
[Date "1990.08.??"]
[Round "4"]
[White "Goormachtigh, Johan"]
[Black "Mikhalchishin, Adrian Bogdanovich"]
[Result "0-1"]
[WhiteElo "2270"]
[BlackElo "2510"]
[EventDate "1990.08.09"]
[WhiteTitle "FM"]
[BlackTitle "GM"]
[Source "17e internationaal ECI-schaaktoernooi, Sas van Gent 1990"]

1.d4 Nf6 2.c4 e6 3.Nc3 Bb4 4.e3 b6 5.Ne2 Ba6 6.a3 Bxc3+ 7.Nxc3 d5 8.b3 Nc6
9.Be2 dxc4 10.bxc4 Qd7 11.a4 O-O 12.O-O Rfd8 13.Bb2 Na5 14.Nb5 c6 15.Na3 
Qe7 16.Qc2 c5 17.Nb5 Bb7 18.f3 a6 19.Na3 Nc6 20.Rfd1 cxd4 21.exd4 Nxd4 22.
Rxd4 Qc5 23.Kf1 Rxd4 24.Bxd4 Qxd4 25.Rb1 Bc6 26.Qb2 Qxb2 27.Rxb2 Nd7 28.
Bd1 Kf8 29.Ke1 Ke7 30.Kd2 Kd6 31.Nb1 Kc7 32.Nc3 Rd8 33.Ke3 Nc5 34.Bc2 e5 
0-1

[Event "17th ECI tournament, Euwe memorial"]
[Site "Sas van Gent"]
[Date "1990.08.??"]
[Round "5"]
[White "Peelen, Piet"]
[Black "Deleyn, Gunter"]
[Result "1/2-1/2"]
[WhiteElo "2380"]
[BlackElo "2315"]
[EventDate "1990.08.09"]
[WhiteTitle "FM"]
[BlackTitle "FM"]
[Source "17e internationaal ECI-schaaktoernooi, Sas van Gent 1990"]

1.Nf3 Nf6 2.c4 c5 3.Nc3 b6 4.e3 e6 5.d4 cxd4 6.exd4 d6 7.Bd3 Be7 8.Bg5 
Nbd7 9.O-O O-O 10.Re1 Re8 11.d5 e5 12.Be3 Ng4 13.Bd2 Nc5 14.Bc2 f5 15.b4 
Na6 16.h3 Nf6 17.Ba4 Bd7 18.Qb3 Bxa4 19.Qxa4 Qc8 20.Qb3 h6 21.a4 Rb8 22.
Nb5 Qb7 23.a5 Nc7 24.a6 Nxa6 25.Ra2 Ra8 26.Rea1 Nb8 27.Rxa7 Rxa7 28.Rxa7 
Qc8 29.Nc7 Rd8 30.Be3 Nbd7 31.Nh4 f4 32.Nf5 Bf8 33.Bd2 Ne4 34.Qc2 Ndf6 35.
Ne6 Rd7 36.Rxd7 Qxd7 37.Be1 Ng5 38.Nxf8 Kxf8 39.f3 e4 40.fxe4 Ngxe4 41.Nd4
Kg8 42.Qa2 Qb7 43.Qa4 Kh7 44.b5 Qf7 45.Qa2 Nd7 46.Qc2 Qg6 47.Nf3 Ndf6 48.
Bb4 Qf5 49.Bc3 Kg8 50.Bxf6 gxf6 51.Nd2 Ng3 52.Qxf5 Nxf5 53.Kf2 Kf7 54.Ne4 
Ke7 55.Kf3 Nh4+ 56.Kxf4 Nxg2+ 57.Kf3 Nh4+ 58.Kg4 f5+ 59.Kxh4 fxe4 60.Kg4 
Kf6 61.Kf4 e3 62.Kxe3 Ke5 63.Kd3 Kf5 64.Kd4 Kf4 65.Kd3 Kf5 66.Ke2 Ke5 67.
Ke3 Kf5 68.Kf3 Ke5 69.Ke3 Kf5 70.Kd4 Kf4 71.h4 h5 72.Kd3 1/2-1/2

[Event "17th ECI tournament, Euwe memorial"]
[Site "Sas van Gent"]
[Date "1990.08.??"]
[Round "6"]
[White "Pirisi, Gábor"]
[Black "Deleyn, Gunter"]
[Result "1/2-1/2"]
[WhiteElo "2385"]
[BlackElo "2315"]
[EventDate "1990.08.09"]
[WhiteTitle "IM"]
[BlackTitle "FM"]
[Source "17e internationaal ECI-schaaktoernooi, Sas van Gent 1990"]

1.e4 d6 2.d4 Nf6 3.f3 c5 4.dxc5 Qa5+ 5.Nc3 Qxc5 6.Nge2 a6 7.Nd4 e6 8.Be3 
Qc7 9.g4 Be7 10.Qd2 O-O 11.O-O-O b5 12.Bd3 Nfd7 13.g5 Ne5 14.Kb1 Nbc6 15.
f4 Nxd4 16.Bxd4 Nf3 17.Qf2 Nxd4 18.Qxd4 Qa7 19.Ne2 Qxd4 20.Nxd4 Bb7 21.
Rhg1 d5 22.e5 Bc5 23.Be2 g6 24.Rg3 b4 25.h4 Rfc8 26.h5 a5 27.Rh3 Bxd4 28.
Rxd4 Ba6 29.Bg4 Rc4 30.Rxc4 Bxc4 31.Rh1 Rc8 32.Rd1 Rc5 33.Rd4 Bb5 34.Kc1 
Kf8 35.Kd2 Ke7 36.c3 bxc3+ 37.bxc3 Bc4 38.a4 1/2-1/2

[Event "17th ECI tournament, Euwe memorial"]
[Site "Sas van Gent"]
[Date "1990.08.??"]
[Round "6"]
[White "Goormachtigh, Johan"]
[Black "Grooten, Herman"]
[Result "1-0"]
[WhiteElo "2270"]
[BlackElo "2390"]
[EventDate "1990.08.09"]
[WhiteTitle "FM"]
[BlackTitle "FM"]
[Source "17e internationaal ECI-schaaktoernooi, Sas van Gent 1990"]

1.d4 Nf6 2.c4 e6 3.Nc3 Bb4 4.e3 c5 5.Ne2 cxd4 6.exd4 O-O 7.a3 Be7 8.d5 
exd5 9.cxd5 Re8 10.d6 Bf8 11.g3 Re6 12.Bg2 Rxd6 13.Qc2 Re6 14.O-O Nc6 15.
b4 d5 16.Rd1 Qe8 17.Bb2 Re5 18.Nf4 Bf5 19.Qb3 d4 20.Ncd5 Nxd5 21.Bxd5 Rd8 
22.Bxc6 Qxc6 23.Rxd4 Rde8 24.Qc3 Qh6 25.Rd8 Qb6 26.Rxe8 Rxe8 27.Re1 Qc6 
28.Rxe8 Qxe8 29.h4 Qe4 30.Kh2 a6 31.Qd4 Qc2 32.Nd5 h6 33.Ne7+ Kh7 34.Nxf5 
Qxf5 35.Kg2 h5 36.Bc3 f6 37.Bb2 Qc2 38.Qd5 Qc6 39.Qxc6 bxc6 40.Kf3 Bd6 41.
Ke4 Kg6 42.Bd4 f5+ 43.Ke3 Kf7 44.f4 Ke6 45.Kd3 Kd5 46.Bxg7 Bc7 47.Bd4 Bd8 
48.Ba7 Bf6 49.Be3 Bb2 50.a4 Bf6 51.Bf2 Bd8 52.Bd4 Be7 53.Bc3 Bd8 54.Bd4 a5
55.bxa5 Bxa5 56.Bf2 c5 57.Ke2 Kc4 58.Be1 Bb6 59.Kd1 Kd3 60.Bf2 Kc4 61.Be1 
Kb3 62.a5 Ba7 63.g4 fxg4 64.f5 c4 65.f6 Be3 66.Ke2 g3 67.Kxe3 1-0

[Event "17th ECI tournament, Euwe memorial"]
[Site "Sas van Gent"]
[Date "1990.08.??"]
[Round "6"]
[White "Mikhalchishin, Adrian Bogdanovich"]
[Black "Tonoli, Walter"]
[Result "1-0"]
[WhiteElo "2510"]
[BlackElo "2285"]
[EventDate "1990.08.09"]
[WhiteTitle "GM"]
[BlackTitle "FM"]
[Source "17e internationaal ECI-schaaktoernooi, Sas van Gent 1990"]

1.d4 c6 2.c4 b5 3.cxb5 cxb5 4.Nf3 Nf6 5.Bf4 Bb7 6.e3 Qa5+ 7.Nbd2 e6 8.Bd3 
Be4 9.Bxe4 Nxe4 10.O-O Nf6 11.e4 Be7 12.d5 O-O 13.Re1 Na6 14.d6 Bd8 15.a3 
Qb6 16.h3 Qb7 17.b4 Rc8 18.Qe2 Bb6 19.Bg5 Kh8 20.Qd3 Rc6 21.Ne5 Rcc8 22.
Qf3 Bd8 23.Nb3 Kg8 24.Rad1 Rc2 25.Nd4 Rc8 26.Qd3 Rb8 27.Nb3 Rc8 28.Nd4 Rb8
29.Rc1 h6 30.Bh4 g5 31.Bg3 Ne8 32.Ng4 Kg7 33.e5 f5 34.exf6+ Nxf6 35.Be5 h5
36.Nh2 Kh6 37.Nhf3 Nd5 38.h4 g4 39.Qd2+ Kg6 40.Qd3+ Kh6 41.Qd2+ Kg6 42.Ng5
Bb6 43.Qd3+ Rf5 44.Nxf5 exf5 45.Rcd1 1-0

[Event "17th ECI tournament, Euwe memorial"]
[Site "Sas van Gent"]
[Date "1990.08.??"]
[Round "7"]
[White "Tonoli, Walter"]
[Black "Pirisi, Gábor"]
[Result "1/2-1/2"]
[WhiteElo "2285"]
[BlackElo "2385"]
[EventDate "1990.08.09"]
[WhiteTitle "FM"]
[BlackTitle "IM"]
[Source "17e internationaal ECI-schaaktoernooi, Sas van Gent 1990"]

1.c4 g6 2.g3 Bg7 3.Bg2 d6 4.Nc3 c5 5.Rb1 Nc6 6.a3 a5 7.Nf3 e5 8.d3 Nge7 9.
O-O O-O 10.Bd2 h6 11.Ne1 Be6 12.Nc2 d5 13.cxd5 Nxd5 14.Ne3 Nde7 15.Na4 b6 
16.b4 cxb4 17.axb4 b5 18.Nc5 Ba2 19.Nb7 Qc7 20.Nxa5 Bxb1 21.Qxb1 Nd4 22.
Bxa8 Nxe2+ 23.Kg2 Rxa8 24.f3 Rd8 25.Nb3 Nc6 26.Rf2 Ned4 27.Nc5 Bf8 28.Ng4 
Kh7 29.Qc1 f5 30.Nf6+ Kg7 31.Bxh6+ Kxf6 32.Bg5+ Kg7 33.Bxd8 Qxd8 34.Ne6+ 
Nxe6 35.Qxc6 Nd4 36.Qb7+ Qe7 37.Qd5 Qd6 38.Qb7+ Be7 39.Ra2 Qxb4 40.Ra7 Kf6
41.Ra6+ Kg7 42.Ra7 Qd2+ 43.Kh3 Qh6+ 44.Kg2 Qd2+ 45.Kh3 Qh6+ 46.Kg2 Qd2+ 
1/2-1/2

[Event "17th ECI tournament, Euwe memorial"]
[Site "Sas van Gent"]
[Date "1990.08.??"]
[Round "7"]
[White "van der Werf, Mark"]
[Black "Goormachtigh, Johan"]
[Result "1-0"]
[WhiteElo "2365"]
[BlackElo "2270"]
[EventDate "1990.08.09"]
[WhiteTitle "FM"]
[BlackTitle "FM"]
[Source "17e internationaal ECI-schaaktoernooi, Sas van Gent 1990"]

1.e4 c5 2.c3 e6 3.d4 d5 4.e5 Nc6 5.Nf3 Qb6 6.a3 Bd7 7.Be2 cxd4 8.cxd4 Rc8 
9.O-O Na5 10.Nc3 Nb3 11.Rb1 Ne7 12.Bd3 Nxd4 13.Be3 Nxf3+ 14.Qxf3 Qc7 15.
Rbc1 Qb8 16.Bf4 a6 17.Bg3 Bc6 18.Qe3 g6 19.b4 Nf5 20.Qd2 Nxg3 21.hxg3 Qxe5
22.Rfe1 Qd4 23.Rxe6+ Kd7 24.Rxc6 Bg7 25.Ne2 Qe5 26.Rxc8 Rxc8 27.Rxc8 Kxc8 
28.Qc1+ Kd7 29.b5 1-0

[Event "17th ECI tournament, Euwe memorial"]
[Site "Sas van Gent"]
[Date "1990.08.??"]
[Round "7"]
[White "Deleyn, Gunter"]
[Black "Kraidman, Yair"]
[Result "1-0"]
[WhiteElo "2315"]
[BlackElo "2425"]
[EventDate "1990.08.09"]
[WhiteTitle "FM"]
[BlackTitle "GM"]
[Source "17e internationaal ECI-schaaktoernooi, Sas van Gent 1990"]

1.c4 Nf6 2.g3 g6 3.Bg2 Bg7 4.Nc3 c5 5.e3 O-O 6.Nge2 d6 7.O-O Nc6 8.d3 Bd7 
9.h3 a6 10.Qd2 Rb8 11.b3 b5 12.Bb2 Qa5 13.Rfd1 Rfc8 14.g4 Qd8 15.Ng3 Nb4 
16.g5 Ne8 17.Nce4 a5 18.Bxg7 Nxg7 19.Qe2 a4 20.f4 axb3 21.axb3 bxc4 22.
bxc4 Bc6 23.Rd2 Ra8 24.Rf1 Qd7 25.h4 Ra3 26.f5 Bxe4 27.Bxe4 d5 28.cxd5 
Nxd5 29.Qf3 e6 30.fxe6 fxe6 31.h5 Nf5 32.hxg6 Ndxe3 33.gxh7+ Kh8 34.Nxf5 
Nxf5 35.g6 Rf8 36.Rg2 Qd4+ 37.Qf2 Ra7 38.Qxd4+ cxd4 39.Rg5 Kg7 40.Bxf5 
exf5 41.Rgxf5 Re8 42.Rf8 1-0

[Event "17th ECI tournament, Euwe memorial"]
[Site "Sas van Gent"]
[Date "1990.08.??"]
[Round "8"]
[White "Cardon, Helmut"]
[Black "Deleyn, Gunter"]
[Result "1/2-1/2"]
[WhiteElo "2385"]
[BlackElo "2315"]
[EventDate "1990.08.09"]
[WhiteTitle "IM"]
[BlackTitle "FM"]
[Source "17e internationaal ECI-schaaktoernooi, Sas van Gent 1990"]

1.d4 Nf6 2.c4 e6 3.Nc3 Bb4 4.e3 d5 5.a3 Be7 6.Nf3 O-O 7.b4 Nbd7 8.Bb2 Re8 
9.Qb3 dxc4 10.Bxc4 Nb6 11.Be2 Nbd5 12.Rc1 a5 13.b5 Bd6 14.O-O Nxc3 15.Qxc3
Nd5 16.Qd3 Qe7 17.g3 Nb6 18.Rc2 f6 19.h4 Bd7 20.Nd2 e5 21.Bf3 Rab8 22.Rfc1
Red8 23.dxe5 fxe5 24.Be4 h6 25.Nb3 Qe8 26.a4 Kh8 27.Nxa5 Nxa4 28.Nxb7 Bxb5
29.Qb3 Ba6 30.Bc6 Qe7 31.Qxa4 Bxb7 32.Bxb7 Rxb7 33.Qe4 Rb4 34.Qg6 1/2-1/2

[Event "17th ECI tournament, Euwe memorial"]
[Site "Sas van Gent"]
[Date "1990.08.??"]
[Round "8"]
[White "Goormachtigh, Johan"]
[Black "Peelen, Piet"]
[Result "1/2-1/2"]
[WhiteElo "2270"]
[BlackElo "2380"]
[EventDate "1990.08.09"]
[WhiteTitle "FM"]
[BlackTitle "FM"]
[Source "17e internationaal ECI-schaaktoernooi, Sas van Gent 1990"]

1.d4 Nf6 2.c4 g6 3.Nc3 Bg7 4.e4 d6 5.Nge2 O-O 6.Ng3 c6 7.Be2 a6 8.f4 b5 9.
e5 Nfd7 10.Be3 Bb7 11.c5 Qc7 12.O-O dxe5 13.dxe5 Nxe5 14.fxe5 Bxe5 15.Qb3 
Bc8 16.Bh6 Bg7 17.Bxg7 Kxg7 18.Nce4 Nd7 19.Ng5 Ne5 20.Rae1 a5 21.Bd1 f6 
22.Ne6+ Bxe6 23.Qxe6 Rad8 24.Ne4 Nd3 25.Re3 Nxb2 26.Be2 Na4 27.Bd1 Nb2 28.
Be2 Na4 29.Bd1 Rd5 30.Bxa4 Re5 31.Qb3 Rb8 32.Qc3 bxa4 33.Ng3 Rxe3 34.Qxe3 
Rb2 35.Rd1 Qa7 36.Qa3 Rb4 37.Qe3 Rc4 38.Ne4 Qc7 39.Qd3 Rb4 40.Re1 Qe5 41.
Qe3 Rb2 42.Nc3 Qxe3+ 43.Rxe3 Kf7 44.Re4 Rc2 45.Rc4 e5 46.g3 f5 47.h4 Kg7 
48.Kf1 e4 49.Ke1 e3 50.a3 h6 51.Kd1 e2+ 52.Ke1 g5 53.hxg5 hxg5 54.Kf2 Kg6 
55.Ke1 Kh6 56.Kf2 Kh5 57.Ke1 g4 58.Kf2 Kg6 59.Ke1 Kh5 60.Kf2 f4 61.Rxf4 
Rxc3 62.Rxa4 Rxg3 63.Kxe2 Rc3 64.Rxa5 Kh4 65.a4 Kg3 66.Ra8 Rxc5 67.a5 Rc3 
68.a6 c5 69.a7 Ra3 70.Kd2 Ra6 71.Kc3 Ra4 72.Kc2 Rc4+ 73.Kb3 Rb4+ 74.Ka3 
Rb7 75.Ka4 c4 76.Ka5 c3 77.Ka6 Rc7 78.Rb8 c2 79.Rb3+ Kf2 80.Rb2 Ke3 81.
Rb3+ Kf2 82.Rb2 Ke3 83.Rb3+ Kf2 84.Rb2 Ke3 85.a8=Q c1=Q 86.Qe8+ Kd4 87.
Qd8+ Kc3 88.Qf6+ Kc4 89.Qe6+ Kd3 90.Qe2+ Kc3 91.Qe5+ Kd3 92.Qg3+ Kd4 93.
Qxg4+ Kd3 94.Qe2+ Kc3 95.Qe5+ Kd3 96.Qd5+ Ke3 97.Qb3+ Kd4 98.Qb6+ Kd3 99.
Qg6+ Kc3 100.Qf6+ Kd3 101.Qf3+ Kd4 102.Qg4+ Kd3 103.Qg3+ Kd4 104.Qd6+ Ke3 
105.Rb3+ Rc3 106.Qh6+ Ke2 107.Qh5+ Kd3 108.Qg6+ Kc4 109.Qe6+ Kd3 110.Qf5+ 
Kc4 111.Qb5+ Kd4 112.Rb4+ Rc4 113.Qd7+ Ke4 114.Qg4+ Kd3 115.Rb3+ Rc3 116.
Qg6+ Kc4 117.Qe6+ Kd3 118.Qd5+ {My source gives 118.Qe5 which would allow 118.Rb3.} Kc2 1/2-1/2

[Event "17th ECI tournament, Euwe memorial"]
[Site "Sas van Gent"]
[Date "1990.08.??"]
[Round "8"]
[White "Tonoli, Walter"]
[Black "Grooten, Herman"]
[Result "0-1"]
[WhiteElo "2285"]
[BlackElo "2390"]
[EventDate "1990.08.09"]
[WhiteTitle "FM"]
[BlackTitle "FM"]
[Source "17e internationaal ECI-schaaktoernooi, Sas van Gent 1990"]

1.c4 b6 2.Nf3 c5 3.Nc3 Bb7 4.g3 Nf6 5.Bg2 g6 6.O-O Bg7 7.b3 O-O 8.Bb2 d6 
9.d4 cxd4 10.Nxd4 Bxg2 11.Kxg2 a6 12.e4 e6 13.Qe2 Qc7 14.Rfd1 Nbd7 15.f3 
Rfe8 16.Nc2 d5 17.cxd5 exd5 18.Nxd5 Nxd5 19.Bxg7 Qxc2 20.Qxc2 Ne3+ 21.Kf2 
Nxc2 0-1

[Event "17th ECI tournament, Euwe memorial"]
[Site "Sas van Gent"]
[Date "1990.08.??"]
[Round "9"]
[White "van der Werf, Mark"]
[Black "Tonoli, Walter"]
[Result "1/2-1/2"]
[WhiteElo "2365"]
[BlackElo "2285"]
[EventDate "1990.08.09"]
[WhiteTitle "FM"]
[BlackTitle "FM"]
[Source "17e internationaal ECI-schaaktoernooi, Sas van Gent 1990"]

1.e4 e5 2.Nf3 Nc6 3.d4 exd4 4.Bc4 Nf6 5.e5 Ng4 6.O-O d6 7.c3 Ngxe5 8.Nxe5 
Nxe5 9.Bb3 dxc3 10.f4 Ng6 11.Nxc3 Be7 12.Nd5 Be6 13.f5 Bxd5 14.fxg6 Bxb3 
15.Qxb3 fxg6 16.Bg5 Bf6 17.Rae1+ Kd7 18.Qe6+ Kc6 19.Rxf6 gxf6 20.Bxf6 Qg8 
21.Qe4+ Kb6 22.Qb4+ Ka6 23.Qa4+ Kb6 24.b4 Qd5 25.Rd1 Qf5 26.Bd4+ c5 27.
bxc5+ dxc5 28.Bxh8 Rxh8 29.Qb3+ Kc7 30.Rf1 Qe4 1/2-1/2

[Event "17th ECI tournament, Euwe memorial"]
[Site "Sas van Gent"]
[Date "1990.08.??"]
[Round "9"]
[White "Deleyn, Gunter"]
[Black "Goormachtigh, Johan"]
[Result "1/2-1/2"]
[WhiteElo "2315"]
[BlackElo "2270"]
[EventDate "1990.08.09"]
[WhiteTitle "FM"]
[BlackTitle "FM"]
[Source "17e internationaal ECI-schaaktoernooi, Sas van Gent 1990"]

1.e4 c5 2.Nf3 d6 3.d4 cxd4 4.Nxd4 Nf6 5.Nc3 e6 6.Be2 Nc6 7.Be3 Be7 8.O-O 
O-O 9.Kh1 a6 10.f4 Nxd4 11.Bxd4 b5 12.Bf3 Bb7 13.e5 Bxf3 14.Qxf3 dxe5 15.
Bxe5 1/2-1/2

[Event "17th ECI tournament, junior tournament"]
[Site "Sas van Gent"]
[Date "1990.08.??"]
[Round "1"]
[White "Van der Stricht, Geert"]
[Black "van Amerongen, Marleen"]
[Result "1/2-1/2"]
[WhiteElo "2210"]
[BlackElo "1879"]
[EventDate "1990.08.09"]
[Source "17e internationaal ECI-schaaktoernooi, Sas van Gent 1990"]

1.d4 Nf6 2.c4 e5 3.dxe5 Ng4 4.Bf4 Nc6 5.Nf3 Bb4+ 6.Nbd2 Qe7 7.a3 Ngxe5 8.
Nxe5 Nxe5 9.e3 Bxd2+ 10.Qxd2 d6 11.Be2 O-O 12.O-O b6 13.Rfd1 Bb7 14.b4 h6 
15.Qc3 Ng6 16.Bg3 f5 17.Bf1 Kh8 18.c5 dxc5 19.bxc5 bxc5 20.Rac1 f4 21.exf4
Nxf4 22.Re1 Qf7 23.Qxc5 Nh3+ 24.Kh1 Nxf2+ 25.Bxf2 Qxf2 26.Qxf2 Rxf2 27.
Rxc7 Raf8 28.Kg1 R2f7 1/2-1/2